000 00620cam a22002291 4500
001 agr49000010
003 DLC
005 20260227111010.0
008 800326s1948 nyu 000 0 eng
010 _aagr49000010
035 _a(OCoLC)6129840
040 _aDLC
_cNSySU-F
_dDLC
042 _apremarc
043 _ae-gx---
050 0 0 _aSD195
_b.S28
100 1 _aSchenck, Carl Alwin,
_d1868-
245 1 0 _aForestry in Germany,
_bpresent and prospective.
260 _aNew York,
_bNewsprint Service Bureau,
_c1948.
300 _a42 p
_c22 cm.
500 _aCover title.
650 0 _aForests and forestry
_zGermany.
999 _c10925
_d10925